000 00189nam a22000977a 4500
003 SGT
245 _aANTIMICROBIAL AGENTS & CHEMOTHERAPY
260 _c2009
300 _a1723
942 _2ddc
_cBV
999 _c18891
_d18891